| 000 | 01327cam a22003977a 4500 | ||
|---|---|---|---|
| 001 | 14828174 | ||
| 003 | OSt | ||
| 005 | 20110420162635.0 | ||
| 008 | 070430s2006 enk 001 0 eng d | ||
| 010 | _a 2007405693 | ||
| 015 |
_aGBA643686 _2bnb |
||
| 016 | 7 |
_a006940285 _2Uk |
|
| 020 | _a0406200750 | ||
| 035 | _a(OCoLC)ocm64186889 | ||
| 040 |
_aAKL _cAKL _dUKM _dNLGGC _dYDXCP _dOCLCQ _dDLC |
||
| 042 | _alccopycat | ||
| 043 | _ae-uk--- | ||
| 050 | 0 | 0 |
_aKD1289.3 _b.F55 2006 |
| 082 | 0 | 4 |
_a346.140482 FLI _222 |
| 084 |
_a86.33 _2bcl |
||
| 100 | 1 |
_aFlint, Michael F. _91377 |
|
| 245 | 1 | 2 |
_aA user's guide to copyright / _cby Michael Flint, Nick Fitzpatrick & Clive Thorne. |
| 250 | _a6th ed. | ||
| 260 |
_aHaywards Heath, West Sussex : _bTottel Pub., _c2006. |
||
| 300 |
_alvii, 641 p. ; _c22 cm. |
||
| 500 | _aIncludes index. | ||
| 650 | 0 |
_aCopyright _zGreat Britain. _91378 |
|
| 650 | 1 | 7 |
_aAuteursrecht. _2gtt _91379 |
| 651 | 7 |
_a4.240. _2gtt _91380 |
|
| 700 | 1 |
_aFitzpatrick, Nick. _91381 |
|
| 700 | 1 |
_aThorne, Clive. _91382 |
|
| 906 |
_a7 _bcbc _ccopycat _d2 _encip _f20 _gy-gencatlg |
||
| 942 |
_2ddc _cBK |
||
| 999 |
_c464 _d464 |
||